Statistics for Scottish Groups of Things

Click here to take the quiz!

General Stats

  • This quiz has been taken 41 times
  • The average score is 24 of 36

Answer Stats

GroupAnswer% Correct
Largest Lochs (by area)Loch Ness
97%
Cities of ScotlandEdinburgh
97%
Cities of ScotlandGlasgow
97%
Cities of ScotlandAberdeen
95%
Recognised LanguagesEnglish
92%
Recognised LanguagesScottish Gaelic
86%
Largest Lochs (by area)Loch Lomond
86%
Cities of ScotlandInverness
86%
Famous Football RivalryCeltic FC
84%
Last Five Monarchs†James VII
84%
Recent British Prime Ministers born in ScotlandTony Blair
84%
Cities of ScotlandDundee
84%
Famous Football RivalryRangers FC
81%
Political Parties*SNP
78%
Political Parties*Scottish Labour
78%
Major ArchipelagosShetland
76%
Political Parties*Scottish Conservatives
76%
Recent British Prime Ministers born in ScotlandGordon Brown
76%
Cities of ScotlandPerth
76%
Last Five Monarchs†Mary II
73%
Major ArchipelagosOrkney
73%
Bordering English CountiesNorthumberland
70%
Major ArchipelagosHebrides
68%
Cities of ScotlandStirling
65%
Bordering English CountiesCumbria
65%
Regions of Scotch Whisky**Highland
51%
Recognised LanguagesScots
46%
Political Parties*Scottish Liberal Democrats
46%
Regions of Scotch Whisky**Lowland
41%
Last Five Monarchs†Charles II
32%
Regions of Scotch Whisky**Islay
32%
Last Five Monarchs†William II
30%
Last Five Monarchs†Anne
27%
Regions of Scotch Whisky**Speyside
24%
Recognised LanguagesBritish Sign Language
16%
Regions of Scotch Whisky**Campbeltown
11%

Score Distribution

Percentile by Number Answered

Percent of People with Each Score

Your Score History

You have not taken this quiz